Pedoman Pendidikan Program Pemerintahan Integratif Fakultas Ilmu Sosial dan Ilmu Politik Universitas Mulawarman (Record no. 12928)
[ view plain ]
| 000 -LEADER | |
|---|---|
| fixed length control field | 00471nam a2200145Ia 4500 |
| 020 ## - INTERNATIONAL STANDARD BOOK NUMBER | |
| ISBN | - |
| 084 ## - OTHER CLASSIFICATION OF CALL NUMBER | |
| Call Number (Nomor Katalog) | 10224 ANO Gov Bo.6b |
| 100 ## - MAIN ENTRY--AUTHOR NAME | |
| Personal name (Pengarang) | Anonim |
| 245 #0 - TITLE STATEMENT | |
| Sub Title (Anak Judul) | Pedoman Pendidikan Program Pemerintahan Integratif Fakultas Ilmu Sosial dan Ilmu Politik Universitas Mulawarman |
| 260 ## - PUBLICATION, DISTRIBUTION, ETC. (IMPRINT) | |
| Place of publication (Tempat Terbit/Kota) | Samarinda |
| Name of publisher (Nama Penerbit) | Lab IP PIN Fisip |
| Year of publication (Tahun Terbit) | 2010 |
| 300 ## - PHYSICAL DESCRIPTION | |
| Number of Pages (Jumlah Halaman) | 98 |
| 650 ## - SUBJECT ADDED ENTRY--TOPICAL TERM | |
| Topical Term (Topik 1) | Government (Pemerintahan) |
| Relator term (Topik 2) | G-O-V |
| Chronological subdivision (Topik 5) | Pedoman, Pendidikan |
| 942 ## - ADDED ENTRY ELEMENTS (KOHA) | |
| Koha item type | Books (Buku) |
| Withdrawn status | Lost status | Damaged status | Not for loan | Permanent Location (Lokasi Permanen) | Current Location (Lokasi Sekarang) | Shelving location (Lokasi Rak) | Date acquired | Cost, normal purchase price (Harga Buku) | Full call number (Nomor Katalog) | Barcode | Price effective from | Koha item type (Jenis Koleksi) |
|---|---|---|---|---|---|---|---|---|---|---|---|---|
| PIN Library | PIN Library | Bookshelf | 03/26/2022 | 10.00 | 10224 ANO Gov Bo.6b | 1022402 | 03/26/2022 | Books (Buku) |